000 nam a22 7a 4500
999 _c127436
_d127436
008 180118b xxu||||| |||| 00| 0 eng d
050 _aREF. BX2420
_b.R
245 _aDiccionario teologico de la vida consagrada
_cEdited by Angel Aparicio Rodriguez and Joan Canals Casas
260 _aMadrid
_bClaretians
_c1989
300 _a1987p. ;
_c21cm.
650 _aReligious life
_xDictionaries
_938701
700 _aRodriguez, Angel Aparicio
_eed.
_938795
700 _aCasas, Joan
_eed.
_938796
942 _2lcc
_cREFERENCE